A house divided : (Record no. 123374)
[ view plain ]
| 000 -LEADER | |
|---|---|
| fixed length control field | 02101cam a22003134a 4500 |
| 001 - CONTROL NUMBER | |
| control field | 13173089 |
| 003 - CONTROL NUMBER IDENTIFIER | |
| control field | ARRUPE |
| 005 - DATE AND TIME OF LATEST TRANSACTION | |
| control field | 20150911104858.0 |
| 008 - FIXED-LENGTH DATA ELEMENTS--GENERAL INFORMATION | |
| fixed length control field | 030423s2003 nyu b 001 0 eng |
| 010 ## - LIBRARY OF CONGRESS CONTROL NUMBER | |
| LC control number | 2003009412 |
| 020 ## - INTERNATIONAL STANDARD BOOK NUMBER | |
| International Standard Book Number | 1591021057 (pbk. : alk. paper) |
| 040 ## - CATALOGING SOURCE | |
| Original cataloging agency | DLC |
| Transcribing agency | DLC |
| Modifying agency | DLC |
| 042 ## - AUTHENTICATION CODE | |
| Authentication code | pcc |
| 050 00 - LIBRARY OF CONGRESS CALL NUMBER | |
| Classification number | B808.5 |
| Item number | .H68 2003 |
| 082 00 - DEWEY DECIMAL CLASSIFICATION NUMBER | |
| Classification number | 146/.4 |
| Edition number | 21 |
| 300 ## - PHYSICAL DESCRIPTION | |
| Dimensions | 23 cm. |
| 100 ## - MAIN ENTRY--PERSONAL NAME | |
| Relator code | Prado, C. G. |
| 245 02 - TITLE STATEMENT | |
| Title | A house divided : |
| Remainder of title | comparing analytic and continental philosophy / |
| Statement of responsibility, etc | edited by C.G. Prado. |
| 260 ## - PUBLICATION, DISTRIBUTION, ETC. (IMPRINT) | |
| Place of publication, distribution, etc | Amherst, N.Y. : |
| Name of publisher, distributor, etc | Humanity Books, |
| Date of publication, distribution, etc | 2003. |
| 300 ## - PHYSICAL DESCRIPTION | |
| Extent | 329 p.; |
| 504 ## - BIBLIOGRAPHY, ETC. NOTE | |
| Bibliography, etc | Includes bibliographical references and index. |
| 505 0# - FORMATTED CONTENTS NOTE | |
| Formatted contents note | Analytic and conversational philosophy / Richard Rorty -- Carnap's contexts : Comte, Heidegger, Nietzsche / Barry Allen -- On the analytic-continental divide in philosophy : Nietzsche's lying truth, Heidegger's speaking language, and philosophy / Babette E. Babich -- Phenomenology : straight and Hetero / David R. Cerbone -- Davidson and Wittgenstein on knowledge, communication and social justice / Sharyn Clough and Jonathan Kaplan -- Heidegger and Quine on the (ir)relevance of logic for philosophy / Richard Matthews -- Correspondence, construction, and realism : the case of Searle and Foucault / C.G. Prado -- Illuminating language : interpretation and understanding in Gadamer and Davidson / Bjørn Torgrim Ramberg -- Davidson and Rorty on truth : reshaping analytic philosophy for a transcontinental conversation / Mike Sandbothe -- Time, synthesis, and the end of metaphysics : Heidegger and Strawson on Kant / Barry Stocker -- Much ado about the nothing : Carnap and Heidegger on logic and metaphysics / Edward Witherspoon. |
| 650 #0 - SUBJECT ADDED ENTRY--TOPICAL TERM | |
| Topical term or geographic name as entry element | Analysis (Philosophy) |
| 9 (RLIN) | 19742 |
| 650 #0 - SUBJECT ADDED ENTRY--TOPICAL TERM | |
| Topical term or geographic name as entry element | Philosophy, European |
| 9 (RLIN) | 19665 |
| 650 #0 - SUBJECT ADDED ENTRY--TOPICAL TERM | |
| Topical term or geographic name as entry element | Philosophy, Modern. |
| 9 (RLIN) | 19743 |
| 700 1# - ADDED ENTRY--PERSONAL NAME | |
| Personal name | Prado, C. G. |
| 9 (RLIN) | 6776 |
| 906 ## - LOCAL DATA ELEMENT F, LDF (RLIN) | |
| a | 7 |
| b | cbc |
| c | orignew |
| d | 1 |
| e | ecip |
| f | 20 |
| g | y-gencatlg |
| 942 ## - ADDED ENTRY ELEMENTS (KOHA) | |
| Source of classification or shelving scheme | Library of Congress Classification |
| Koha item type | Monograph ( Printed materials) |
| Withdrawn status | Lost status | Source of classification or shelving scheme | Damaged status | Not for loan | Collection code | Home library | Current library | Shelving location | Date acquired | Total Checkouts | Full call number | Barcode | Date last seen | Price effective from | Koha item type |
|---|---|---|---|---|---|---|---|---|---|---|---|---|---|---|---|
| Library of Congress Classification | Main Collection | ARRUPE LIBRARY | ARRUPE LIBRARY | Main Collection | 10/09/2015 | B808.5H68 2003 | 46500004271 | 10/09/2015 | 10/09/2015 | Monograph ( Printed materials) |